Human Resource Management (Record no. 52288)
[ view plain ]
| 000 -LEADER | |
|---|---|
| fixed length control field | 00357nam a2200145Ia 4500 |
| 020 ## - INTERNATIONAL STANDARD BOOK NUMBER | |
| International Standard Book Number | 9.7893569329e+012 |
| 082 ## - DEWEY DECIMAL CLASSIFICATION NUMBER | |
| Classification number | 658.3 |
| Item number | MAM/H |
| 100 ## - MAIN ENTRY--PERSONAL NAME | |
| Personal name | 20260330u\\\\\\\\\\\y0engy0103\\\\ba |
| 100 ## - MAIN ENTRY--PERSONAL NAME | |
| Personal name | Mamoria, C.B. |
| 245 #0 - TITLE STATEMENT | |
| Title | Human Resource Management |
| 250 ## - EDITION STATEMENT | |
| Edition statement | 1st |
| 260 ## - PUBLICATION, DISTRIBUTION, ETC. | |
| Place of publication, distribution, etc. | New Delhi |
| Name of publisher, distributor, etc. | Himalaya Pub. House |
| Date of publication, distribution, etc. | 2024 |
| 300 ## - PHYSICAL DESCRIPTION | |
| Extent | 671p. |
| 942 ## - ADDED ENTRY ELEMENTS (KOHA) | |
| Koha item type | Book |
No items available.